MBA Stratégie : Les Paramètres essentiels de la gestion stratégique des entreprises (Record no. 40985)

MARC details
000 -LEADER
fixed length control field 00682 a2200253 4500
037 ## - SOURCE OF ACQUISITION
Source of stock number/acquisition LP
037 ## - SOURCE OF ACQUISITION
Stock number De 8924
020 ## - NUMERO INTERNATIONAL NORMALISE DES LIVRES
International Standard Book Number 2.84001.092.5
100 ## - VEDETTE PRINCIPALE - NOM DE PERSONNE
Language of a work Fr.
260 ## - PUBLICATION, DISTRIBUTION, ETC. (IMPRINT)
Place of publication, distribution, etc Paris
260 ## - PUBLICATION, DISTRIBUTION, ETC. (IMPRINT)
Name of publisher, distributor, etc Maxima
260 ## - PUBLICATION, DISTRIBUTION, ETC. (IMPRINT)
Name of publisher, distributor, etc Nouveaux Horizons
245 ## - TITLE STATEMENT
Title MBA Stratégie : Les Paramètres essentiels de la gestion stratégique des entreprises
260 ## - PUBLICATION, DISTRIBUTION, ETC. (IMPRINT)
Date of publication, distribution, etc 1997
300 ## - PHYSICAL DESCRIPTION
Extent 391p
300 ## - PHYSICAL DESCRIPTION
Other physical details 25 cm
630 ## - SUBJECT ADDED ENTRY--UNIFORM TITLE
Uniform title 65 - Gestion et organisation de lindustrie, du commerce, de la communication et des transports
650 ## - SUBJECT ADDED ENTRY--TOPICAL TERM
Topical term or geographic name as entry element 6 - SCIENCES APPLIQUEES
650 ## - SUBJECT ADDED ENTRY--TOPICAL TERM
Topical term or geographic name as entry element gestion : entreprise
700 ## - ADDED ENTRY--PERSONAL NAME
Personal name Dir, Fahey, L.
700 ## - ADDED ENTRY--PERSONAL NAME
Personal name Dir, Randall, R.
Holdings
Withdrawn status Lost status Damaged status Not for loan Location (home branch) Sublocation or collection (holding branch) Date acquired Koha issues (times borrowed) Koha full call number Koha date last seen Price effective from Koha item type
        Bibliothèque Universitaire Centrale Bibliothèque Universitaire Centrale 28/02/2009   658 PAR 28/02/2009 28/02/2009 Livre


© 2008, Bibliothèques de l'Université d'Abomey-Calavi

04 BP 789 Cotonou, Tél. : +229 21 36 01 01, Fax : +229 21 35 06 32

Courriel : bu@bu.uac.bj